[Event "BL2 Ost 1617 (Women)"]
[Site "Germany"]
[Date "2017.03.26"]
[Round "6.3"]
[White "Spangenberg, Romy"]
[Black "Pachow, Steffi"]
[Result "0-1"]
[WhiteElo "1862"]
[BlackElo "1968"]
[PlyCount "96"]
[EventDate "2016.10.22"]
[EventType "team-tourn"]
[EventRounds "7"]
[EventCountry "GER"]
[SourceTitle "EXT 2018"]
[Source "ChessBase"]
[SourceDate "2017.10.13"]
[SourceVersion "1"]
[SourceVersionDate "2017.10.13"]
[SourceQuality "1"]
[WhiteTeam "Leipzig Lindenau (W)"]
[BlackTeam "Potsdam USV (W)"]
[WhiteTeamCountry "GER"]
[BlackTeamCountry "GER"]

1. e4 c5 2. Nf3 Nc6 3. d4 cxd4 4. Nxd4 e5 5. Nb5 d6 6. N1c3 a6 7. Na3 Nf6 8. Bg5 Be7 9. Bxf6 Bxf6 10. Nc4 Nd4 11. Nd5 b5 12. Ncb6 Rb8 13. Nxc8 Rxc8 14. c3 Nc6 15. Be2 0-0 16. 0-0 Bg5 17. a4 Rb8 18. axb5 axb5 19. Ra6 Qc8 20. Rb6 Rxb6 21. Nxb6 Qb7 22. Nd5 Rb8 23. b4 Nd8 24. c4 bxc4 25. Bxc4 Nc6 26. Qb3 Nd4 27. Qd3 Qa7 28. b5 Bd8 29. Rb1 Qc5 30. Ne3 Kf8 31. Nc2 Nxc2 32. Qxc2 Rc8 33. g3 Qxc4 34. Qxc4 Rxc4 35. b6 Bxb6 36. Rxb6 Ke7 37. f3 Rc2 38. Rb8 Rd2 39. Rb4 Ke6 40. Rb6 f5 41. Rb7 fxe4 42. fxe4 Kf6 43. Rb4 Rd4 44. Rxd4 exd4 45. Kf2 Ke5 46. Kf3 h5 47. h3 g5 48. g4 h4 0-1

[Event "BL2 Ost 1617 (Women)"]
[Site "Germany"]
[Date "2016.10.23"]
[Round "2.2"]
[White "Bork, Sophie"]
[Black "Pachow, Steffi"]
[Result "1/2-1/2"]
[WhiteElo "1839"]
[BlackElo "1968"]
[PlyCount "46"]
[EventDate "2016.10.22"]
[EventType "team-tourn"]
[EventRounds "7"]
[EventCountry "GER"]
[SourceTitle "EXT 2018"]
[Source "ChessBase"]
[SourceDate "2017.10.13"]
[SourceVersion "1"]
[SourceVersionDate "2017.10.13"]
[SourceQuality "1"]
[WhiteTeam "Paderborn (W)"]
[BlackTeam "Potsdam USV (W)"]
[WhiteTeamCountry "GER"]
[BlackTeamCountry "GER"]

1. e4 c5 2. c3 d5 3. exd5 Qxd5 4. Nf3 Nf6 5. Na3 e6 6. Bc4 Qd8 7. 0-0 Be7 8. Re1 0-0 9. Nc2 a6 10. d4 b5 11. Bf1 Bb7 12. a4 c4 13. axb5 axb5 14. Rxa8 Bxa8 15. Bg5 Nbd7 16. Ne3 Nd5 17. Bxe7 Qxe7 18. Qa1 N7f6 19. Nf5 Qc7 20. Ng3 Bb7 21. Ng5 Qf4 22. Nh3 Qc7 23. Ng5 Qf4 1/2-1/2

[Event "BL2 Ost 1516 (Women)"]
[Site "Germany"]
[Date "2016.01.10"]
[Round "5.1"]
[White "Pachow, Steffi"]
[Black "Goehler, Antje"]
[Result "1/2-1/2"]
[WhiteElo "2026"]
[BlackElo "2151"]
[PlyCount "44"]
[EventDate "2015.09.26"]
[EventType "team-tourn"]
[EventRounds "7"]
[EventCountry "GER"]
[SourceTitle "EXT 2017"]
[Source "ChessBase"]
[SourceDate "2016.10.25"]
[SourceVersion "1"]
[SourceVersionDate "2016.10.25"]
[SourceQuality "1"]
[WhiteTeam "Potsdam (W)"]
[BlackTeam "Berlin Rotation (W)"]
[WhiteTeamCountry "GER"]
[BlackTeamCountry "GER"]

1. d4 d5 2. Nf3 e6 3. c4 c5 4. Nc3 Nc6 5. Bf4 a6 6. e3 Nf6 7. Be2 Be7 8. 0-0 0-0 9. a3 dxc4 10. dxc5 Bxc5 11. Bxc4 b5 12. Bd3 Bb7 13. Ne4 Be7 14. Rc1 Nd5 15. Bg3 Rc8 16. Nc5 Bxc5 17. Rxc5 Nce7 18. Qc2 Rxc5 19. Qxc5 Qb6 20. Qxb6 Nxb6 21. Rc1 Rc8 22. Rxc8+ Nexc8 1/2-1/2

[Event "BL2 Ost 1213 (Women)"]
[Site "Germany"]
[Date "2013.03.09"]
[Round "6.3"]
[White "Pachow, Steffi"]
[Black "Mai, Iris"]
[Result "1-0"]
[WhiteElo "2015"]
[BlackElo "2110"]
[PlyCount "75"]
[EventDate "2012.10.06"]
[EventType "team-tourn"]
[EventRounds "7"]
[EventCountry "GER"]
[SourceTitle "EXT 2018"]
[Source "ChessBase"]
[SourceDate "2017.10.13"]
[SourceVersion "1"]
[SourceVersionDate "2017.10.13"]
[SourceQuality "1"]
[WhiteTeam "Potsdam USV (W)"]
[BlackTeam "Rotation Pankow (W)"]
[WhiteTeamCountry "GER"]
[BlackTeamCountry "GER"]

1. d4 d5 2. c4 Nf6 3. Nc3 e6 4. Nf3 c6 5. Bf4 Nbd7 6. e3 Be7 7. h3 0-0 8. c5 Re8 9. Be2 Nf8 10. 0-0 Ng6 11. Bh2 Nd7 12. b4 f5 13. Qc2 Ndf8 14. b5 Bd7 15. Rfc1 Bf6 16. Rab1 e5 17. dxe5 Bxe5 18. Nxe5 Nxe5 19. bxc6 bxc6 20. Qa4 Nfg6 21. Rb7 a5 22. Qd4 Bc8 23. Rb6 Re6 24. Rcb1 Nd7 25. Rxc6 Nf6 26. Rxe6 Bxe6 27. Bb5 Qc8 28. Rd1 h6 29. Rc1 Ne7 30. Ne2 Nc6 31. Qa4 Nb4 32. a3 Na6 33. Qxa5 Ne4 34. c6 Nac5 35. Qb4 Na6 36. Qe7 Bf7 37. c7 d4 38. Nxd4 1-0

[Event "BL2 Ost 1213 (Women)"]
[Site "Germany"]
[Date "2013.01.20"]
[Round "5.3"]
[White "Pachow, Steffi"]
[Black "Pfau, Beate"]
[Result "1/2-1/2"]
[WhiteElo "2015"]
[BlackElo "2104"]
[PlyCount "52"]
[EventDate "2012.10.06"]
[EventType "team-tourn"]
[EventRounds "7"]
[EventCountry "GER"]
[SourceTitle "EXT 2018"]
[Source "ChessBase"]
[SourceDate "2017.10.13"]
[SourceVersion "1"]
[SourceVersionDate "2017.10.13"]
[SourceQuality "1"]
[WhiteTeam "Potsdam USV (W)"]
[BlackTeam "Torgelow Droegeheide (W)"]
[WhiteTeamCountry "GER"]
[BlackTeamCountry "GER"]

1. d4 g6 2. Nf3 Bg7 3. c4 Nf6 4. Nc3 d6 5. e4 0-0 6. h3 e5 7. d5 Na6 8. Bg5 h6 9. Be3 Nc5 10. Nd2 a5 11. Be2 Qe7 12. a3 Ncd7 13. 0-0 Ne8 14. b4 f5 15. f3 f4 16. Bf2 axb4 17. axb4 Rxa1 18. Qxa1 Ndf6 19. Qa8 Qd7 20. c5 c6 21. cxd6 Nxd6 22. Qa2 Kh7 23. Nc4 Nxc4 24. Bxc4 cxd5 25. Nxd5 Nxd5 26. Bxd5 Qb5 1/2-1/2

[Event "BL2 Ost 0910 (Women)"]
[Site "Germany"]
[Date "2009.12.05"]
[Round "3.2"]
[White "Mai, Iris"]
[Black "Pachow, Steffi"]
[Result "1-0"]
[WhiteElo "2146"]
[BlackElo "2003"]
[PlyCount "93"]
[EventDate "2009.11.07"]
[EventType "team-tourn"]
[EventRounds "7"]
[EventCountry "GER"]
[SourceTitle "CBM 133 Extra"]
[Source "ChessBase"]
[SourceDate "2010.01.05"]
[SourceVersion "1"]
[SourceVersionDate "2010.01.05"]
[SourceQuality "1"]
[WhiteTeam "Pankow Rotation (W)"]
[BlackTeam "Ruedersdorf (W)"]
[WhiteTeamCountry "GER"]
[BlackTeamCountry "GER"]

1. d4 Nf6 2. c4 g6 3. Nc3 Bg7 4. e4 d6 5. Nf3 0-0 6. Be2 c5 7. 0-0 a6 8. d5 b5 9. cxb5 axb5 10. Bxb5 Ba6 11. Re1 Qb6 12. a4 Nfd7 13. Bg5 Re8 14. Qe2 Bxb5 15. axb5 Ra5 16. Bd2 Qa7 17. Rxa5 Qxa5 18. Nb1 Qa2 19. Bc3 Nb6 20. Bxg7 Kxg7 21. Nc3 Qb3 22. e5 Nxd5 23. exd6 e6 24. Nxd5 Qxd5 25. Rd1 Qb7 26. Qe5+ f6 27. Qxc5 Rc8 28. Qe3 Qd7 29. h3 Qxb5 30. Qxe6 Re8 31. Qd5 Qxb2 32. d7 Rd8 33. Qe6 Qa3 34. Rd6 Qc1+ 35. Ne1 Qf4 36. g3 Qe5 37. Qxe5 fxe5 38. Nf3 Rxd7 39. Re6 Rd1+ 40. Kg2 Nd7 41. Ng5 h6 42. Ne4 Kf7 43. Rc6 Rd3 44. g4 Rd4 45. f3 Rd5 46. h4 Rb5 47. Nd6+ 1-0

[Event "BL2 Ost 0809 (Women)"]
[Site "Germany"]
[Date "2009.01.04"]
[Round "5.3"]
[White "Sikorska, Dorota"]
[Black "Pachow, Steffi"]
[Result "0-1"]
[WhiteElo "1940"]
[BlackElo "1981"]
[PlyCount "60"]
[EventDate "2008.11.08"]
[EventType "team-tourn"]
[EventRounds "7"]
[EventCountry "GER"]
[SourceTitle "EXT 2010"]
[Source "ChessBase"]
[SourceDate "2010.11.25"]
[SourceVersion "1"]
[SourceVersionDate "2010.11.25"]
[SourceQuality "1"]
[WhiteTeam "Guben (W)"]
[BlackTeam "Ruedersdorf (W)"]
[WhiteTeamCountry "GER"]
[BlackTeamCountry "GER"]

1. e4 c5 2. Nc3 Nc6 3. g3 g6 4. Bg2 Bg7 5. d3 d6 6. Be3 Nf6 7. h3 0-0 8. Qd2 Nd4 9. Nd1 e5 10. c3 Ne6 11. Ne2 d5 12. f4 d4 13. cxd4 cxd4 14. Bg1 Bh6 15. Bh2 Nh5 16. 0-0 f5 17. Bf3 exf4 18. exf5 fxg3 19. Qxh6 gxh2+ 20. Kxh2 Rxf5 21. Rg1 Rxf3 22. Qxh5 Ng5 23. Rxg5 Rxh3+ 24. Qxh3 Bxh3 25. Rg3 Bf5 26. Rc1 Qh4+ 27. Kg2 Re8 28. Ng1 Qf4 29. Rc2 Re1 30. Nf2 Rxg1+ 0-1

[Event "BL2 Ost 0809 (Women)"]
[Site "Germany"]
[Date "2008.11.09"]
[Round "2.2"]
[White "Pachow, Steffi"]
[Black "Nuenchert, Eveline"]
[Result "1/2-1/2"]
[WhiteElo "1981"]
[BlackElo "2135"]
[PlyCount "38"]
[EventDate "2008.11.08"]
[EventType "team-tourn"]
[EventRounds "7"]
[EventCountry "GER"]
[SourceTitle "EXT 2010"]
[Source "ChessBase"]
[SourceDate "2010.11.25"]
[SourceVersion "1"]
[SourceVersionDate "2010.11.25"]
[SourceQuality "1"]
[WhiteTeam "Ruedersdorf (W)"]
[BlackTeam "Potsdam (W)"]
[WhiteTeamCountry "GER"]
[BlackTeamCountry "GER"]

1. d4 d5 2. c4 c6 3. Nc3 Nf6 4. Bf4 e6 5. e3 Be7 6. Nf3 Nbd7 7. h3 0-0 8. Bd3 dxc4 9. Bxc4 Nd5 10. Bg3 Nxc3 11. bxc3 Bf6 12. 0-0 Qa5 13. Qc2 Re8 14. Nd2 Qh5 15. f4 Qg6 16. Qxg6 hxg6 17. e4 Nb6 18. Bb3 Bd7 19. a4 a5 1/2-1/2